[Event "25th Czech Open A 2014"]
[Site "Pardubice CZE"]
[Date "2014.07.22"]
[Round "5.85"]
[White "Folkova, Martina"]
[Black "Meissner, Felix"]
[Result "1/2-1/2"]
[WhiteTitle "WFM"]
[BlackTitle "FM"]
[WhiteElo "2188"]
[BlackElo "2263"]
[WhiteFideId "304271"]
[BlackFideId "24671827"]
[EventDate "2014.07.18"]

1. e4 e6 2. d4 d5 3. Nd2 dxe4 4. Nxe4 Nd7 5. Nf3 Ngf6 6. Nxf6+ Nxf6 7. Bd3 c5 8.
O-O a6 9. dxc5 Bxc5 10. Bg5 Be7 11. Qe2 O-O 12. Rad1 Qc7 1/2-1/2

[Event "25th Czech Open A 2014"]
[Site "Pardubice CZE"]
[Date "2014.07.22"]
[Round "5.86"]
[White "Heimrath, Reiner"]
[Black "Nguyen, Thai Dai Van"]
[Result "1-0"]
[WhiteTitle "FM"]
[BlackTitle "CM"]
[WhiteElo "2187"]
[BlackElo "2261"]
[WhiteFideId "4618866"]
[BlackFideId "358878"]
[EventDate "2014.07.18"]

1. e4 c5 2. Nc3 Nc6 3. d3 g6 4. Be3 d6 5. d4 cxd4 6. Bxd4 Nxd4 7. Qxd4 Nf6 8. e5
dxe5 9. Bb5+ Bd7 10. Qxe5 Bg7 11. O-O-O O-O 12. Bxd7 Nxd7 13. Qb5 Bxc3 14. bxc3
e5 15. Nf3 e4 16. Rxd7 Qf6 17. Nd4 Qxf2 18. Rf1 Qxg2 19. Qc4 Rac8 20. Rfxf7 1-0

[Event "25th Czech Open A 2014"]
[Site "Pardubice CZE"]
[Date "2014.07.22"]
[Round "5.87"]
[White "Lehmann, Holger"]
[Black "Jedlicka, Ales"]
[Result "0-1"]
[BlackTitle "FM"]
[WhiteElo "2185"]
[BlackElo "2259"]
[WhiteFideId "4620275"]
[BlackFideId "304824"]
[EventDate "2014.07.18"]

1. e4 c5 2. Nf3 Nc6 3. c3 d5 4. exd5 Qxd5 5. d4 e6 6. Bd3 Nf6 7. O-O Be7 8. h3
O-O 9. Be3 Rd8 10. Qe2 b6 11. Rd1 cxd4 12. cxd4 Nb4 13. Nc3 Qh5 14. Bc4 Bb7 15.
Ne5 Qxe2 16. Bxe2 Rac8 17. Rac1 Nfd5 18. Nxd5 Nxd5 19. Bb5 Nxe3 20. fxe3 Bg5 21.
Kf2 h5 22. Bd7 Rxc1 23. Rxc1 Bd5 24. Rc7 Bf6 25. Nd3 a5 26. a3 g5 27. Bc6 Bc4
28. Be4 Bb5 29. h4 Bxd3 30. Bxd3 g4 31. Rc6 Bxh4+ 32. Ke2 Rb8 33. b4 Be7 34.
bxa5 bxa5 35. a4 Rb2+ 36. Rc2 Rb3 37. Rc7 Kf8 38. Rc8+ Kg7 39. Rc7 Bd6 40. Rc6
Rb2+ 41. Rc2 Rb4 42. Rc4 Rb6 43. Rc2 Kh6 44. Bb5 Bb4 45. Rc7 f5 46. Rc6 Rxc6 47.
Bxc6 Kg5 48. g3 h4 49. gxh4+ Kxh4 50. Bd7 Kh3 51. Bxe6 Kh2 52. Bxf5 g3 53. Be4
g2 54. Bxg2 Kxg2 55. d5 Kg3 56. Kd3 Kf3 57. Kc4 Ke4 58. Kb5 Kxd5 0-1

[Event "25th Czech Open A 2014"]
[Site "Pardubice CZE"]
[Date "2014.07.22"]
[Round "5.88"]
[White "Le Ruyet, Leopold"]
[Black "Majer, Jiri"]
[Result "0-1"]
[BlackTitle "FM"]
[WhiteElo "2259"]
[BlackElo "2172"]
[WhiteFideId "645923"]
[BlackFideId "307564"]
[EventDate "2014.07.18"]

1. e4 Nf6 2. e5 Nd5 3. d4 d6 4. c4 Nb6 5. exd6 exd6 6. Nf3 Be7 7. h3 Bf5 8. Nc3
O-O 9. Be2 N8d7 10. Be3 Nf6 11. g4 Bg6 12. Nh4 c5 13. Nxg6 hxg6 14. d5 Nfd7 15.
Qd2 Bf6 16. g5 Bd4 17. O-O-O Re8 18. Bxd4 cxd4 19. Nb5 Nc5 20. h4 Rc8 21. Kb1 a6
22. Nxd4 Ne4 23. Qf4 Nxc4 24. Rhe1 Qb6 25. Bxc4 Nc3+ 26. Ka1 Nxd1 27. Rxd1 Rxc4
28. b3 Rc5 29. h5 Rxd5 30. h6 gxh6 31. gxh6 Rxd4 32. Rxd4 Qc7 33. Qd2 Qe7 34.
Kb2 Kh7 35. Rxd6 Qe2 36. f4 Qxd2+ 37. Rxd2 Re7 38. Kc3 Kxh6 39. Rh2+ Kg7 40. Kd4
Kf6 41. Kc5 Re4 42. Rh4 b5 43. Kb6 Re6+ 44. Ka5 Kf5 45. b4 f6 46. Rh6 g5 47.
fxg5 Kxg5 48. Rh1 f5 49. a4 bxa4 50. Kxa4 f4 51. Kb3 Rc6 0-1

[Event "25th Czech Open A 2014"]
[Site "Pardubice CZE"]
[Date "2014.07.22"]
[Round "5.89"]
[White "Cuhra, Martin"]
[Black "Bjornsson, Tomas"]
[Result "1/2-1/2"]
[BlackTitle "FM"]
[WhiteElo "2251"]
[BlackElo "2144"]
[WhiteFideId "327735"]
[BlackFideId "2300303"]
[EventDate "2014.07.18"]

1. e4 e5 2. Nf3 Nc6 3. Bc4 Bc5 4. c3 Nf6 5. d4 exd4 6. cxd4 Bb4+ 7. Nc3 Nxe4 8.
O-O Bxc3 9. d5 Bf6 10. Re1 Ne7 11. Rxe4 d6 12. Bg5 Bxg5 13. Nxg5 O-O 14. Nxh7
Bf5 15. Rh4 Re8 16. Qh5 f6 17. Bd3 Bxd3 18. Nxf6+ gxf6 19. Rg4+ Bg6 20. Rxg6+
Nxg6 21. Qxg6+ Kh8 22. Qh6+ 1/2-1/2

[Event "25th Czech Open A 2014"]
[Site "Pardubice CZE"]
[Date "2014.07.22"]
[Round "5.90"]
[White "Pershin, Denis"]
[Black "Kantorik, Marian"]
[Result "1/2-1/2"]
[BlackTitle "IM"]
[WhiteElo "2171"]
[BlackElo "2249"]
[WhiteFideId "24165506"]
[BlackFideId "14900513"]
[EventDate "2014.07.18"]

1. e4 e6 2. d4 d5 3. Nc3 Bb4 4. e5 Ne7 5. Qg4 c5 6. dxc5 Nbc6 7. Bd2 Nf5 8. Bd3
h5 9. Qf4 g5 10. Qxg5 Qxg5 11. Bxg5 d4 12. a3 Ba5 13. b4 Nxb4 14. axb4 Bxb4 15.
Ne2 dxc3 16. Rd1 Bd7 17. Bxf5 exf5 18. Bf6 Rg8 19. Nf4 Bxc5 20. Nd5 Rc8 21. Bg7
Rxg7 22. Nf6+ Ke7 23. Rxd7+ Ke6 24. O-O Be7 25. Rxb7 1/2-1/2

[Event "25th Czech Open A 2014"]
[Site "Pardubice CZE"]
[Date "2014.07.22"]
[Round "5.91"]
[White "Gruenter, Martin"]
[Black "Chernyshova, Natalia"]
[Result "1-0"]
[WhiteElo "2249"]
[BlackElo "2129"]
[WhiteFideId "24640352"]
[BlackFideId "24143219"]
[EventDate "2014.07.18"]

1. e4 c6 2. d4 d5 3. Nc3 g6 4. h3 Bg7 5. Nf3 Nf6 6. e5 Ne4 7. Nxe4 dxe4 8. Ng5
c5 9. e6 Bxe6 10. Nxe6 fxe6 11. Qg4 Qd5 12. Bb5+ Kf7 13. c4 Qf5 14. dxc5 Rc8 15.
O-O a6 16. Ba4 Qxg4 17. hxg4 Rxc5 18. Bb3 Bd4 19. Re1 Nc6 20. Rxe4 e5 21. Rb1 a5
22. Ba4 e6 23. Bxc6 Rxc6 24. b3 Rd8 25. Be3 Bxe3 26. Rxe3 Rd2 27. a4 Kf6 28. Rh3
Rc7 29. Re1 Rcd7 30. Rf3+ Ke7 31. Rxe5 b6 32. Rb5 R2d6 33. c5 bxc5 34. Rxa5 Rc6
35. Ra8 Rb7 36. a5 Rcc7 37. Rc3 Kd6 38. Ra6+ Rc6 39. Rd3+ Kc7 40. Ra8 Rb5 41.
Ra7+ Rb7 42. Rd7+ Kxd7 43. Rxb7+ Kd6 44. Ra7 Ke5 45. Kh2 h6 46. Kg3 c4 47. bxc4
Rxc4 48. a6 Ra4 49. Ra8 Kf6 50. a7 Kg7 51. Kf3 Kh7 52. Ke3 Kg7 53. Kd3 Kh7 54.
Kc3 Kg7 55. Kb3 Ra1 56. Kb4 Kh7 57. Kc5 Kg7 58. Kd6 Ra6+ 59. Ke5 Kh7 60. Kf6 g5
61. g3 Ra1 62. Rf8 Rxa7 63. Rf7+ Rxf7+ 64. Kxf7 h5 65. gxh5 g4 66. Kxe6 Kh6 67.
Kf5 Kxh5 68. Kf4 1-0

[Event "25th Czech Open A 2014"]
[Site "Pardubice CZE"]
[Date "2014.07.22"]
[Round "5.92"]
[White "Klecker, Tadeas"]
[Black "Sorin, Michael"]
[Result "0-1"]
[WhiteElo "2167"]
[BlackElo "2249"]
[WhiteFideId "326950"]
[BlackFideId "2805030"]
[EventDate "2014.07.18"]

1. d4 f5 2. c4 Nf6 3. g3 g6 4. Nf3 Bg7 5. b4 O-O 6. Bb2 d6 7. Bg2 c6 8. O-O Na6
9. Qb3 Nc7 10. Nc3 Kh8 11. d5 Bd7 12. b5 Rb8 13. Rab1 Na8 14. bxc6 bxc6 15. Qc2
Nb6 16. Qd3 c5 17. Nd2 Ng4 18. e3 Qc8 19. Qe2 Qa6 20. h3 Ne5 21. Rfc1 Na4 22.
Nxa4 Qxa4 23. Bc3 Rxb1 24. Nxb1 Rb8 25. Bf1 e6 26. f4 Nf7 27. Bxg7+ Kxg7 28.
dxe6 Bxe6 29. g4 fxg4 30. hxg4 Qd7 31. g5 h6 32. gxh6+ Nxh6 33. Nc3 Qe7 34. Qf2
Ng4 35. Qg3 Rb2 36. Bd3 Qe8 37. e4 Qh8 38. f5 Rh2 39. Ne2 Rh1+ 40. Kg2 Rh2+ 41.
Kg1 Rh1+ 42. Kg2 Rh2+ 43. Kg1 Bxf5 44. exf5 Rh1+ 45. Kg2 Qa8+ 46. Qf3 Rh2+ 47.
Kg3 Rh3+ 48. Kxh3 Qxf3+ 49. Ng3 Nf2+ 50. Kh2 Nxd3 51. Rf1 Qg4 52. Rg1 Nf4 53.
f6+ Kf7 54. Ne4 Qh3# 0-1

[Event "25th Czech Open A 2014"]
[Site "Pardubice CZE"]
[Date "2014.07.23"]
[Round "6.1"]
[White "Arun Prasad, S."]
[Black "Nisipeanu, Liviu-Dieter"]
[Result "1/2-1/2"]
[WhiteTitle "GM"]
[BlackTitle "GM"]
[WhiteElo "2472"]
[BlackElo "2686"]
[WhiteFideId "5011167"]
[BlackFideId "1202758"]
[EventDate "2014.07.18"]

1. d4 d5 2. c4 e6 3. Nf3 Nf6 4. Nc3 Bb4 5. cxd5 exd5 6. Bg5 Nbd7 7. Qc2 c5 8. g3
O-O 9. Bg2 h6 10. Bf4 c4 11. O-O Nb6 12. Rad1 Be6 13. Ne5 Re8 14. f3 Nfd7 15.
Nxd7 Qxd7 16. e4 dxe4 17. fxe4 Bg4 18. Rd2 Rad8 19. a3 Ba5 20. d5 Qc8 21. Kh1
Bh3 22. Rdf2 Bxg2+ 23. Kxg2 Bxc3 24. Qxc3 Qg4 25. Re1 Rd7 26. h3 Qg6 27. Rfe2 f5
28. d6 Rxe4 1/2-1/2

[Event "25th Czech Open A 2014"]
[Site "Pardubice CZE"]
[Date "2014.07.23"]
[Round "6.2"]
[White "Pavlidis, Antonios"]
[Black "Poetsch, Hagen"]
[Result "1/2-1/2"]
[WhiteTitle "IM"]
[BlackTitle "IM"]
[WhiteElo "2479"]
[BlackElo "2477"]
[WhiteFideId "4212312"]
[BlackFideId "24615137"]
[EventDate "2014.07.18"]

1. e4 e6 2. d4 d5 3. Nc3 Nf6 4. Bg5 dxe4 5. Nxe4 Be7 6. Bxf6 gxf6 7. Qd2 a6 8.
O-O-O f5 9. Ng3 c5 10. Nf3 cxd4 11. Nxd4 Nc6 12. Qc3 Nxd4 13. Rxd4 Bd7 14. Bc4
Rg8 15. Nh5 Bf6 16. Nxf6+ Qxf6 17. Rhd1 Bc6 18. g3 Kf8 19. Bxa6 Kg7 20. Bc4 Rgc8
21. Kb1 b5 22. Bb3 Bd5 23. Qd3 Bxb3 24. Qxb3 Rc5 25. Qd3 Rac8 26. c3 Rc4 27.
Rxc4 Rxc4 28. a4 Qe5 29. f4 Qc5 30. axb5 Qxb5 31. Qe2 Qb3 32. Qe5+ Kg6 33. Rd8
Rc8 34. Qh8 Rxd8 35. Qxd8 f6 36. Qe8+ Kh6 37. Qd8 Kg6 38. Qd4 e5 39. fxe5 fxe5
40. Qd6+ Kf7 41. Qd7+ Kg6 42. Qd6+ Kf7 43. Kc1 Qb5 44. Qc7+ Ke6 45. c4 Qb4 46.
Kc2 e4 47. Qc6+ Ke7 48. g4 e3 49. Qc7+ Ke6 50. Qc8+ Ke7 51. Qc7+ Ke6 52. gxf5+
Kxf5 53. Qxh7+ Kf4 54. Qf7+ Kg4 55. Qg6+ Kf3 56. Qh5+ Kf2 57. Qh4+ Kf1 58. Qf4+
Ke2 59. Qg4+ Ke1 60. Qg3+ Ke2 1/2-1/2

[Event "25th Czech Open A 2014"]
[Site "Pardubice CZE"]
[Date "2014.07.23"]
[Round "6.3"]
[White "Vavulin, Maksim"]
[Black "Vajda, Levente"]
[Result "0-1"]
[WhiteTitle "IM"]
[BlackTitle "GM"]
[WhiteElo "2393"]
[BlackElo "2569"]
[WhiteFideId "4169530"]
[BlackFideId "1203975"]
[EventDate "2014.07.18"]

1. e4 e5 2. Nf3 Nc6 3. Bb5 a6 4. Ba4 Nf6 5. O-O Be7 6. Re1 b5 7. Bb3 O-O 8. h3
Bb7 9. d3 d6 10. a3 Qd7 11. Nbd2 Nd8 12. Nf1 Ne6 13. Ng3 Rae8 14. Ba2 Bd8 15. b4
c5 16. Bb2 Bc7 17. c4 Nd4 18. Rc1 bxc4 19. dxc4 Qd8 20. Nxd4 exd4 21. Bb1 Nd7
22. Qd2 Re6 23. f4 g6 24. Qf2 Qh4 25. Re2 Rf6 26. Rf1 Ne5 27. Nf5 Qxf2+ 28.
Rexf2 Nxc4 29. Nh6+ Kg7 30. Ng4 Rxf4 31. Rxf4 Nxb2 32. R4f2 Na4 33. Ba2 d5 34.
bxc5 Nxc5 35. Bxd5 Bxd5 36. exd5 f5 37. Nh2 Rd8 38. Rc2 d3 39. Rc4 Bxh2+ 40.
Kxh2 Rxd5 41. Rd1 Ne4 42. Kg1 Kf6 43. Kf1 Ke5 44. Ke1 Kf4 45. Kf1 h5 46. Rb4 a5
47. Rb3 Ke3 48. Re1+ Kd4 49. Rd1 Kc4 50. Rb6 d2 0-1

[Event "25th Czech Open A 2014"]
[Site "Pardubice CZE"]
[Date "2014.07.23"]
[Round "6.4"]
[White "Biolek, Richard Jr."]
[Black "Vorobiov, Evgeny E."]
[Result "0-1"]
[WhiteTitle "IM"]
[BlackTitle "GM"]
[WhiteElo "2429"]
[BlackElo "2591"]
[WhiteFideId "319996"]
[BlackFideId "4121341"]
[EventDate "2014.07.18"]

1. d4 Nf6 2. c4 g6 3. Nc3 Bg7 4. e4 d6 5. Bd3 O-O 6. Nge2 c6 7. O-O a6 8. a4 a5
9. f4 Na6 10. f5 e5 11. d5 Nb4 12. Bg5 Qb6+ 13. Kh1 h6 14. Bh4 Ng4 15. Rf3 Bf6
16. Bxf6 Nxf6 17. Qd2 Kg7 18. Rg1 cxd5 19. cxd5 Nxd3 20. Qxd3 Bd7 21. g4 g5 22.
h4 Rh8 23. Rh3 Rag8 24. Qc2 Kf8 25. h5 Ke7 26. Nd1 Rc8 27. Rc3 Rxc3 28. Nexc3
Rc8 29. b3 Qb4 30. Rg3 b5 31. axb5 Bxb5 32. Kg2 Ba6 33. Nf2 Nd7 34. Qb2 Nc5 35.
f6+ Kxf6 36. Na2 Qe1 37. Nc3 Kg7 38. Rf3 Rb8 39. Qa3 Rxb3 40. Qxa5 Qf1+ 41. Kh2
Rb2 42. Nd1 Qxd1 0-1

[Event "25th Czech Open A 2014"]
[Site "Pardubice CZE"]
[Date "2014.07.23"]
[Round "6.5"]
[White "Haba, Petr"]
[Black "Shalimov, Valery"]
[Result "1-0"]
[WhiteTitle "GM"]
[BlackTitle "IM"]
[WhiteElo "2502"]
[BlackElo "2412"]
[WhiteFideId "300160"]
[BlackFideId "14104881"]
[EventDate "2014.07.18"]

1. e4 c5 2. Nf3 d6 3. d4 cxd4 4. Nxd4 Nf6 5. Nc3 g6 6. Be3 Bg7 7. f3 Nc6 8. Qd2
O-O 9. Bc4 Bd7 10. h4 Rc8 11. Bb3 Ne5 12. O-O-O Qa5 13. Kb1 Rxc3 14. Qxc3 Qxc3
15. bxc3 Rc8 16. Ne2 a5 17. a3 a4 18. Ba2 Bb5 19. Rhe1 Nc4 20. Bxc4 Bxc4 21. Nc1
h5 22. Na2 Nd7 23. Bd4 Bf8 24. Nb4 e6 25. Rd2 Be7 26. g3 Kf8 27. f4 f5 28. Be5
Nxe5 29. fxe5 dxe5 30. exf5 gxf5 31. Rxe5 Bf6 32. Re3 Ke7 33. Nd5+ Bxd5 34. Rxd5
Rxc3 35. Rxc3 Bxc3 36. Rb5 Kd6 37. Rb6+ Kd5 38. Rxb7 Be5 39. Rd7+ Kc4 40. Rd3 f4
41. gxf4 Bxf4 42. Rd8 e5 43. Ra8 e4 44. Rxa4+ Kd5 45. Ra8 Bg3 46. Kc1 Bxh4 47.
Ra5+ 1-0

[Event "25th Czech Open A 2014"]
[Site "Pardubice CZE"]
[Date "2014.07.23"]
[Round "6.6"]
[White "Venkatesh, M.R."]
[Black "Nakar, Eylon"]
[Result "1-0"]
[WhiteTitle "GM"]
[BlackTitle "IM"]
[WhiteElo "2498"]
[BlackElo "2419"]
[WhiteFideId "5005779"]
[BlackFideId "2811111"]
[EventDate "2014.07.18"]

1. e4 e6 2. d4 d5 3. Nd2 c5 4. exd5 Qxd5 5. Ngf3 cxd4 6. Bc4 Qd6 7. O-O Nf6 8.
Nb3 Nc6 9. Nbxd4 Nxd4 10. Nxd4 a6 11. Re1 Bd7 12. Bg5 O-O-O 13. Re3 Bc6 14. Rd3
Be4 15. Rd2 Qb6 16. c3 Bd6 17. Qe2 Bg6 18. a4 Rd7 19. Be3 Qc7 20. g3 e5 21. Nb5
axb5 22. axb5 Qb8 23. b6 Be4 24. Bb5 Bc6 25. Qc4 Kd8 26. Bxc6 bxc6 27. Qxc6 Ke7
28. b7 Rxb7 29. Ra8 Qxa8 30. Qxd6+ Ke8 31. Qc6+ Nd7 32. Rxd7 Rb8 33. Rb7+ Kf8
34. Qd6+ 1-0

[Event "25th Czech Open A 2014"]
[Site "Pardubice CZE"]
[Date "2014.07.23"]
[Round "6.7"]
[White "Firat, Burak"]
[Black "Kriebel, Tadeas"]
[Result "1/2-1/2"]
[WhiteTitle "IM"]
[BlackTitle "IM"]
[WhiteElo "2458"]
[BlackElo "2398"]
[WhiteFideId "6305881"]
[BlackFideId "330027"]
[EventDate "2014.07.18"]

1. e4 c5 2. Nf3 d6 3. d4 cxd4 4. Nxd4 Nf6 5. Nc3 a6 6. g3 g6 7. Bg2 Bg7 8. O-O
O-O 9. a4 Bd7 10. a5 Nc6 11. Nxc6 bxc6 12. Qd2 Rb8 13. Re1 Qc7 14. Bf1 Bc8 15.
Na4 Nd7 16. Ra3 c5 17. Nc3 1/2-1/2

[Event "25th Czech Open A 2014"]
[Site "Pardubice CZE"]
[Date "2014.07.23"]
[Round "6.8"]
[White "Kanmazalp, Ogulcan"]
[Black "Belyakov, Bogdan"]
[Result "1/2-1/2"]
[WhiteTitle "IM"]
[BlackTitle "IM"]
[WhiteElo "2412"]
[BlackElo "2456"]
[WhiteFideId "6304990"]
[BlackFideId "24104795"]
[EventDate "2014.07.18"]

1. e4 e5 2. Nf3 Nc6 3. Bb5 Nf6 4. O-O Nxe4 5. d4 Nd6 6. dxe5 Nxb5 7. a4 Nbd4 8.
Nxd4 Nxd4 9. Qxd4 d5 10. exd6 Qxd6 11. Qe3+ Be7 12. Nc3 c6 13. Re1 Be6 14. Ne4
Qe5 15. Ng5 Qxe3 16. Bxe3 Bxg5 17. Bxg5 O-O 18. a5 1/2-1/2

[Event "25th Czech Open A 2014"]
[Site "Pardubice CZE"]
[Date "2014.07.23"]
[Round "6.9"]
[White "Tomazini, Zan"]
[Black "Vokac, Marek"]
[Result "1/2-1/2"]
[WhiteTitle "FM"]
[BlackTitle "GM"]
[WhiteElo "2313"]
[BlackElo "2443"]
[WhiteFideId "14608162"]
[BlackFideId "300101"]
[EventDate "2014.07.18"]

1. e4 g6 2. d4 Bg7 3. Nc3 d6 4. f4 a6 5. Nf3 Nd7 6. Be3 b5 7. e5 e6 8. Bd3 Bb7
9. a4 b4 10. Ne4 Ne7 11. O-O O-O 12. Bd2 Rb8 13. a5 Nf5 14. Qe2 c5 15. c3 bxc3
16. bxc3 cxd4 17. cxd4 dxe5 18. dxe5 Bxe4 19. Bxe4 Nc5 20. Rad1 Nd4 21. Qe3 Nxe4
22. Qxe4 Nxf3+ 23. Qxf3 Qe7 24. Be3 Rb3 25. Qe2 Qb7 26. Bb6 Rc8 27. Rc1 Bf8 28.
Rfd1 h5 29. Rc2 h4 30. Rdc1 Rb2 31. Qd2 Rcxc2 32. Rxc2 Rb1+ 33. Rc1 Qd5 34. Qc2
Rxc1+ 35. Qxc1 Qe4 36. Qd2 Kg7 37. Qf2 Bb4 38. Qf1 Bd2 39. Qxa6 Be3+ 40. Bxe3
Qxe3+ 41. Kf1 Qxf4+ 42. Kg1 Qe3+ 43. Kf1 Qf4+ 44. Kg1 Qxe5 45. h3 Qe1+ 46. Kh2
e5 47. Qb6 e4 48. a6 e3 49. a7 e2 50. Qb2+ Kh7 51. Qxe2 Qxe2 52. a8=Q Qe5+ 53.
Kh1 g5 54. Qf3 Kg6 55. Qd3+ f5 56. Qd8 Qe6 57. Qd3 Qe1+ 58. Kh2 Qe5+ 59. Kh1 Kh5
60. Qf3+ g4 61. hxg4+ fxg4 62. Qf7+ Kg5 63. Qg8+ Kf4 64. Qf8+ Kg3 65. Qa3+ Kf2
66. Qa2+ Qe2 67. Qa7+ Ke1 68. Qa5+ Qd2 69. Qh5 g3 70. Qxh4 Qd3 71. Qb4+ Kd1 72.
Qd4 Qxd4 1/2-1/2

[Event "25th Czech Open A 2014"]
[Site "Pardubice CZE"]
[Date "2014.07.23"]
[Round "6.10"]
[White "Kravtsiv, Martyn"]
[Black "Yuffa, Daniil"]
[Result "1-0"]
[WhiteTitle "GM"]
[BlackTitle "IM"]
[WhiteElo "2569"]
[BlackElo "2447"]
[WhiteFideId "14113147"]
[BlackFideId "24131423"]
[EventDate "2014.07.18"]

1. e4 c6 2. d4 d5 3. e5 Bf5 4. Nf3 e6 5. Be2 Ne7 6. O-O h6 7. Nbd2 Nd7 8. Nb3
Bg6 9. Bd2 Nf5 10. Rc1 Be7 11. Ba5 Nb6 12. g4 Nh4 13. Nxh4 Bxh4 14. Bd3 Bxd3 15.
cxd3 O-O 16. f4 f5 17. Nc5 Qc8 18. Kh1 Be7 19. Rg1 Bxc5 20. dxc5 Nd7 21. Rc2 Qe8
22. Rcg2 g5 23. gxf5 Rxf5 24. fxg5 h5 25. g6 Nxe5 26. Bc7 Ng4 27. Qe2 Qe7 28. h3
Nh6 29. Be5 Qh4 30. Bh2 e5 31. Qe3 Rf4 32. Qxe5 Rf6 33. Qe7 1-0

[Event "25th Czech Open A 2014"]
[Site "Pardubice CZE"]
[Date "2014.07.23"]
[Round "6.11"]
[White "Baryshpolets, Andrey"]
[Black "Gordievsky, Dmitry"]
[Result "1-0"]
[WhiteTitle "GM"]
[BlackTitle "FM"]
[WhiteElo "2546"]
[BlackElo "2439"]
[WhiteFideId "14117207"]
[BlackFideId "24112798"]
[EventDate "2014.07.18"]

1. d4 Nf6 2. c4 e6 3. Nf3 Bb4+ 4. Bd2 a5 5. g3 b6 6. Bg2 Bb7 7. O-O O-O 8. Bf4
Be7 9. Nc3 d5 10. Ne5 Na6 11. cxd5 exd5 12. Qa4 c5 13. Rad1 Qc8 14. Bg5 Rd8 15.
a3 h6 16. Bxf6 Bxf6 17. e3 c4 18. Qc2 Rb8 19. f4 Nc7 20. a4 Qe6 21. Qe2 Qe8 22.
g4 Bc6 23. Ra1 Bb7 24. Kh1 g6 25. g5 Bxe5 26. fxe5 hxg5 27. Rf6 Bc8 28. e4 Be6
29. exd5 Nxd5 30. Nxd5 Rxd5 31. Bxd5 Bxd5+ 32. Kg1 Be6 33. Qe3 Rd8 34. Rf2 g4
35. Rd2 Rd5 36. Qf4 Qd7 37. Qe3 Bf5 38. Qf2 Bd3 39. b3 Qc6 40. Rc1 b5 1-0

[Event "25th Czech Open A 2014"]
[Site "Pardubice CZE"]
[Date "2014.07.23"]
[Round "6.12"]
[White "Stocek, Jiri"]
[Black "Simantsev, Mikhail"]
[Result "1-0"]
[WhiteTitle "GM"]
[BlackTitle "GM"]
[WhiteElo "2545"]
[BlackElo "2434"]
[WhiteFideId "304760"]
[BlackFideId "14104555"]
[EventDate "2014.07.18"]

1. d4 Nf6 2. c4 e6 3. Nc3 Bb4 4. Qc2 d5 5. cxd5 exd5 6. Bg5 h6 7. Bh4 c5 8. dxc5
g5 9. Bg3 Ne4 10. Nf3 Nc6 11. e3 Qa5 12. Nd2 Nxd2 13. Qxd2 Qxc5 14. h4 Rg8 15.
hxg5 hxg5 16. Rc1 d4 17. exd4 Nxd4 18. Bd3 Qe7+ 19. Kf1 Be6 20. Qd1 Rd8 21. Ne4
Bf5 22. Rc7 Qe6 23. Rxb7 Nc6 24. Rxb4 Bxe4 25. Rxe4 Qxe4 26. Qe2 Qxe2+ 27. Kxe2
Ke7 28. Rc1 Nd4+ 29. Ke3 Ne6 30. Rc6 Rd5 31. Bc4 Ra5 32. b4 Ra3+ 33. Bb3 Rd8 34.
Be5 Kd7 35. b5 Rc8 36. Rxc8 Kxc8 37. Bd6 Rxb3+ 38. axb3 f5 39. Kd3 Kd7 40. Bb8
Kc8 41. Bxa7 Nf4+ 42. Kd4 1-0

[Event "25th Czech Open A 2014"]
[Site "Pardubice CZE"]
[Date "2014.07.23"]
[Round "6.13"]
[White "Gopal, G.N."]
[Black "Nagy, Gabor1"]
[Result "1-0"]
[WhiteTitle "GM"]
[BlackTitle "IM"]
[WhiteElo "2544"]
[BlackElo "2434"]
[WhiteFideId "5015693"]
[BlackFideId "737119"]
[EventDate "2014.07.18"]

1. e4 c5 2. Nf3 d6 3. d4 cxd4 4. Nxd4 Nf6 5. Nc3 Nc6 6. Bg5 e6 7. Qd2 Be7 8.
O-O-O O-O 9. f4 h6 10. Bh4 e5 11. Nf5 Bxf5 12. exf5 exf4 13. Kb1 d5 14. Bxf6
Bxf6 15. Nxd5 Be5 16. f6 Bxf6 17. Qxf4 Be5 18. Qf3 Qh4 19. c3 Rad8 20. g3 Qg5
21. Bd3 Rd6 22. Bc2 Qd8 23. Rhe1 g6 24. Ba4 Bg7 25. Bxc6 bxc6 26. Ne7+ Kh7 27.
Nxc6 Rxd1+ 28. Rxd1 Qb6 29. Nb4 a5 30. Nd5 Qe6 31. Rd3 Qe1+ 32. Rd1 Qe6 33. Rd2
Qe1+ 34. Qd1 Qe4+ 35. Qc2 Qe1+ 36. Rd1 Qe5 37. a3 Re8 38. Ka2 Rd8 39. Nf4 Rb8
40. Ka1 Rb7 41. Rd5 Qc7 42. h4 Be5 43. Qd2 a4 44. h5 g5 45. Ne2 Bf6 46. Qd3+ Kh8
47. Nd4 Rb8 48. Ka2 Rb6 49. Nc2 Qc8 50. Rd7 Rb7 51. Rd6 Kg7 52. Ne3 Qb8 53. Nf5+
Kf8 54. Rxf6 Rxb2+ 55. Ka1 Rf2 56. Qb1 Qe5 57. Qb4+ Kg8 58. Ne7+ Kg7 59. Rxf2
Qe1+ 60. Qb1 Qxf2 61. Qd1 Kf6 62. Qd6+ 1-0

[Event "25th Czech Open A 2014"]
[Site "Pardubice CZE"]
[Date "2014.07.23"]
[Round "6.14"]
[White "Mammadov, Zaur"]
[Black "Mozharov, Mikhail"]
[Result "1/2-1/2"]
[WhiteTitle "IM"]
[BlackTitle "GM"]
[WhiteElo "2441"]
[BlackElo "2540"]
[WhiteFideId "13401033"]
[BlackFideId "4189825"]
[EventDate "2014.07.18"]

1. e4 e5 2. Nf3 Nc6 3. Nc3 Nf6 4. Be2 d5 5. exd5 Nxd5 6. O-O Nxc3 7. bxc3 Bd6 8.
d4 O-O 9. Bg5 Qd7 10. Bd3 h6 11. Bh4 Qg4 12. h3 Qh5 13. Rb1 exd4 14. Rb5 f5 15.
Bg3 Bxg3 16. fxg3 a6 17. Bc4+ Kh7 18. Rc5 Qg6 19. Nxd4 Qxg3 20. Rf3 Qd6 21. Rd5
Qf6 22. Nxc6 Qxc6 23. Qd4 Be6 24. Rc5 Qb6 25. Bxe6 Qxe6 26. Rxc7 Rf7 27. Rxf7
Qxf7 28. Qc5 Rf8 29. a4 Qf6 30. a5 Rf7 31. Qd5 g6 32. Re3 h5 33. Re8 Qg7 34. Qd4
Rc7 35. Rb8 Rd7 36. Qxg7+ Kxg7 37. Kf2 Kf6 38. Ke3 g5 39. Rf8+ Rf7 40. Rh8 Re7+
41. Kf2 h4 42. Rc8 Re5 43. Rc7 Rxa5 44. Rxb7 Ra2 45. Kf3 Kg6 46. Ra7 a5 47. Ra6+
Kh5 48. Rf6 Rxc2 49. Rxf5 Rxc3+ 50. Kf2 a4 51. Ra5 Rc4 52. Ra6 g4 53. Ra5+ Kg6
54. hxg4 Rxg4 55. Kf3 Rb4 56. Kf2 Rb2+ 57. Kf3 Rb3+ 58. Kf2 a3 59. Kg1 Kf6 60.
Kh2 Ke6 61. Ra4 Kd5 62. Rxh4 a2 63. Ra4 Rb2 64. Kh3 Kc5 65. g4 Kb5 66. Ra8 Kb4
67. Kh4 Kb3 68. g5 Rh2+ 69. Kg4 Kb2 70. g6 a1=Q 71. Rxa1 Kxa1 72. Kg5 Rg2+ 73.
Kf6 Rxg6+ 74. Kxg6 1/2-1/2